000 00618nam a2200205Ia 4500
003 OSt
005 20240923144500.0
008 220927b |||||||| |||| 00| 0 eng d
020 _a0748623426
040 _aSDCL
_cSDCL
_beng
041 _2eng
_aeng
082 _aRxN25 P7
100 _aBuchanan, Ian & Parr, Adrian Ed.
_9432335
245 0 _aDeleuze and contemporary world.
260 _aEdinburgh:
_bEdinburgh University Press,
_c2007.
300 _avi,232p.
700 _a Parr Adrian Ed.
_9432336
942 _hRxN25 P7
_cTEXL
_2CC
999 _c748884
_d748884